Sweden counties - Statistics

General Stats
  • This quiz has been taken 102 times
  • The average score is 14 of 21
Answer Stats
Answer % Correct
Stockholm
91%
Skane
86%
Gotland
77%
Halland
72%
Norrbotten
72%
Kalmar
70%
Blekinge
67%
Dalarna
67%
Ostergotland
67%
Vastra Gotaland
67%
Sodermanland
65%
Vasterbotten
65%
Jamtland
63%
Jonkoping
63%
Uppsala
63%
Orebro
60%
Varmland
60%
Vastmanland
60%
Kronoberg
56%
Vasternorrland
53%
Gavleborg
51%
No matching quizzes found
Score Distribution
Percent of People with Each Score
Percentile by Number Answered
Your Score History
You have not taken this quiz